00585nam a2200145 a 450000100100000000500170001000800410002704000250006808200150009310000200010824500670012826000670019530000360026250001410029800004505520201002045836.0150130s1973 ve ac 000 0 spa d aDO-SdBNPbspacBNPHU axxxxbxxxx1 aCaldera, Rafael13aLa solidaridad pluralista de America Latina /cRafael Caldera. aCaracas, Venezuela :bOficina Central de Información,c1973. a284 p. :bil., retrs. ;c25 cm. aDiscursos pronunciados por el Jefe del Estado venezolano en cada uno de los paises visitados durante su gira oficial en febrero de 1973.